Statistiques concernant Conjugaison - Placer

Cliquez ici pour prendre le quiz!

Statistiques générales

  • Ce quiz a été pris 51 fois
  • Le résultat moyen est 57 sur 98

Statistiques - réponses

TempsPronomsVerbe% Correct
Indicatif présentJeplace
100%
Indicatif imparfaitJeplaçais
98%
Indicatif présentIl/Elle/Onplace
98%
Indicatif présentIls/Ellesplacent
98%
Indicatif présentTuplaces
98%
Indicatif présentVousplacez
98%
Indicatif présentNousplaçons
98%
Indicatif passé composéJeai placé
93%
Indicatif passé composéIl/Elle/Ona placé
93%
Indicatif passé composéTuas placé
93%
Indicatif passé composéVousavez placé
93%
Indicatif passé composéNousavons placé
93%
Indicatif passé composéIls/Ellesont placé
93%
Indicatif imparfaitTuplaçais
93%
Indicatif imparfaitIls/Ellesplaçaient
91%
Indicatif imparfaitIl/Elle/Onplaçait
91%
Indicatif imparfaitVousplaciez
91%
Indicatif imparfaitNousplacions
91%
Indicatif plus-que-parfaitJeavais placé
78%
Indicatif plus-que-parfaitTuavais placé
78%
Indicatif plus-que-parfaitVousaviez placé
78%
Indicatif plus-que-parfaitNousavions placé
78%
Indicatif plus-que-parfaitIls/Ellesavaient placé
76%
Indicatif plus-que-parfaitIl/Elle/Onavait placé
76%
Indicatif futur simpleJeplacerai
76%
Indicatif futur simpleIl/Elle/Onplacera
73%
Indicatif futur simpleTuplaceras
73%
Indicatif futur simpleVousplacerez
73%
Indicatif futur simpleNousplacerons
73%
Indicatif futur simpleIls/Ellesplaceront
73%
Indicatif passé simpleIl/Elle/Onplaça
69%
Indicatif passé simpleJeplaçai
69%
Indicatif passé simpleTuplaças
69%
Indicatif passé simpleNousplaçâmes
64%
Indicatif futur antérieurJeaurai placé
60%
Indicatif futur antérieurIl/Elle/Onaura placé
60%
Indicatif futur antérieurTuauras placé
60%
Indicatif futur antérieurVousaurez placé
60%
Indicatif futur antérieurNousaurons placé
60%
Indicatif futur antérieurIls/Ellesauront placé
60%
Indicatif passé antérieurTueus placé
60%
Indicatif passé antérieurJeeus placé
60%
Indicatif passé antérieurIl/Elle/Oneut placé
60%
Indicatif passé simpleVousplaçâtes
60%
Impératif présentTuplace
58%
Indicatif passé simpleIls/Ellesplacèrent
58%
Impératif présentVousplacez
58%
Impératif présentNousplaçons
58%
Indicatif passé antérieurNouseûmes placé
56%
Subjonctif présentJeplace
56%
InfinitifPrésentplacer
56%
Indicatif passé antérieurIls/Elleseurent placé
53%
Indicatif passé antérieurVouseûtes placé
53%
Subjonctif présentIl/Elle/Onplace
53%
Conditionnel présentJeplacerais
53%
Subjonctif présentTuplaces
53%
Conditionnel passéIls/Ellesauraient placé
51%
Conditionnel passéJeaurais placé
51%
Conditionnel passéTuaurais placé
51%
Conditionnel passéIl/Elle/Onaurait placé
51%
Conditionnel passéVousauriez placé
51%
Conditionnel passéNousaurions placé
51%
Conditionnel présentTuplacerais
51%
Conditionnel présentIl/Elle/Onplacerait
51%
Conditionnel présentVousplaceriez
51%
Conditionnel présentNousplacerions
51%
Subjonctif présentIls/Ellesplacent
49%
Subjonctif présentVousplaciez
49%
Subjonctif présentNousplacions
49%
Conditionnel présentIls/Ellesplaceraient
47%
ParticipePrésentplaçant
42%
Subjonctif passéJeaie placé
38%
Subjonctif passéTuaies placé
38%
Subjonctif passéIl/Elle/Onait placé
38%
InfinitifPasséavoir placé
38%
Subjonctif passéVousayez placé
38%
Subjonctif passéNousayons placé
38%
ParticipePasséplacé
38%
Subjonctif passéIls/Ellesaient placé
36%
Subjonctif plus-que-parfaitJeeusse placé
36%
Subjonctif plus-que-parfaitTueusses placé
36%
Subjonctif plus-que-parfaitIls/Elleseussent placé
31%
Subjonctif plus-que-parfaitVouseussiez placé
31%
Subjonctif plus-que-parfaitNouseussions placé
31%
Subjonctif plus-que-parfaitIl/Elle/Oneût placé
31%
ParticipePasséayant placé
29%
Subjonctif imparfaitIl/Elle/Onplaçât
27%
Impératif passéTuaie placé
24%
Impératif passéVousayez placé
24%
Impératif passéNousayons placé
24%
GérondifPasséen ayant placé
24%
GérondifPrésenten plaçant
24%
Subjonctif imparfaitJeplaçasse
24%
Subjonctif imparfaitTuplaçasses
24%
Subjonctif imparfaitIls/Ellesplaçassent
22%
Subjonctif imparfaitVousplaçassiez
22%
Subjonctif imparfaitNousplaçassions
22%
Forme surcomposéeJeai eu placé
16%

Distribution des résultats

Percentile par nombre de réponses

% des personnes avec chaque résultat

Votre développement - résultats

Vous n’avez pas pris ce quiz